| 000 | 00490 a2200169 4500 | ||
|---|---|---|---|
| 000 | BKB | ||
| 001 | 069607 | ||
| 005 | 20200902150324.0 | ||
| 008 | |||
| 082 |
_a658.11 _bR13S |
||
| 100 | 1 | _aRaju, B. Yerram | |
| 245 | 1 |
_aThe small entrepreneur _cby B. Yerram Raju and Ram R. Pujari |
|
| 260 |
_aNew Delhi _bExcel Books _c2009 |
||
| 300 | _a305p. | ||
| 690 | _aNew business enterprises; Small business; India | ||
| 700 |
_aPujari, Ram R. _b _c |
||
| 999 |
_c3151 _d3151 |
||